00433nam a22001457a 4500008004100000020001800041040005500059080001500114245004500129260004600174300001100220650001700231653001300248700002600261230602b |||||||| |||| 00| 0 eng d a0 540 05371 6 aNational Science LibrarycNational Science Library aR 912 bM0 aPhilips' illustrated atlas of the world  aLondon: bGeorge Philip & Son Ltd, c1980 a208p.  aNonliterary  aClimate  aGreeves, Lydia (Ed.)